Animals and Inequality in the Ancient World (Record no. 91675)

MARC details
000 -LEADER
fixed length control field 02424nam a2200241Ii 4500
008 - FIXED-LENGTH DATA ELEMENTS--GENERAL INFORMATION
fixed length control field 221202s xx 000 0 und d
245 #0 - TITLE STATEMENT
Title Animals and Inequality in the Ancient World
264 ## - PRODUCTION, PUBLICATION, DISTRIBUTION, MANUFACTURE, AND COPYRIGHT NOTICE
Name of producer, publisher, distributor, manufacturer University Press of Colorado
Date of production, publication, distribution, manufacture, or copyright notice 2015
300 ## - PHYSICAL DESCRIPTION
Extent 1 online resource
336 ## - CONTENT TYPE
Content type term text
Content type code txt
Source rdacontent
337 ## - MEDIA TYPE
Media type term computer
Media type code c
Source rdamedia
338 ## - CARRIER TYPE
Carrier type term online resource
Carrier type code cr
Source rdacarrier
520 ## - SUMMARY, ETC.
Summary, etc. Animals and Inequality in the Ancient World explores the current trends in the social archaeology of human-animal relationships, focusing on the ways in which animals are used to structure, create, support, and even deconstruct social inequalities. The authors provide a global range of case studies from both New and Old World archaeology-royal Aztec dog burial, the monumental horse tombs of Central Asia, and the ceremonial macaw cages of ancient Mexico among them. They explore the complex relationships between people and animals in social, economic, political, and ritual contexts, incorporating animal remains from archaeological sites with artifacts, texts, and iconography to develop their interpretations. Animals and Inequality in the Ancient World presents new data and interpretations that reveal the role of animals, their products, and their symbolism in structuring social inequalities in the ancient world. The volume will be of interest to archaeologists, especially zooarchaeologists, and classical scholars of pre-modern civilizations and societies.  Contributors: Alejandra Aguirre Molina, Benjamin S. Arbuckle, Levent Atici, Douglas V. Campana, Roderick Campbell, Ximena Chá­vez Balderas, Pam J. Crabtree, Susan D. deFrance, Kitty F. Emery, Abigail Holeman, H. Edwin Jackson, Leonardo López Lujá­n, Michael MacKinnon, Arkadiusz Marciniak, Sue Ann McCarty, Neil L. Norman, Gilberto Perez, Bernardo Rodriguez, William A. Saturno, Ashley E. Sharpe, Nawa Sugiyama, Charlotte K. Sunseri, Naomi Sykes, Fabiola Torres, Raul Valadez, Norma Valentin Maldonado, Adam S. Watson, Joshua Wright, Belem Zuniga-Arelleno
653 ## - INDEX TERM--UNCONTROLLED
Uncontrolled term Ancient
653 ## - INDEX TERM--UNCONTROLLED
Uncontrolled term Archaeology
653 ## - INDEX TERM--UNCONTROLLED
Uncontrolled term History
653 ## - INDEX TERM--UNCONTROLLED
Uncontrolled term Nature
653 ## - INDEX TERM--UNCONTROLLED
Uncontrolled term Social Science
700 1# - ADDED ENTRY--PERSONAL NAME
Personal name Arbuckle, Benjamin S.
700 1# - ADDED ENTRY--PERSONAL NAME
Personal name McCarty, Sue Ann
856 ## - ELECTRONIC LOCATION AND ACCESS
Uniform Resource Identifier <a href="https://docs.google.com/spreadsheets/d/1yKIrdCPDAG_9c22mwoOIO2DOhtj65Wqa/edit?usp=sharing&ouid=106555315294820607512&rtpof=true&sd=true ">https://docs.google.com/spreadsheets/d/1yKIrdCPDAG_9c22mwoOIO2DOhtj65Wqa/edit?usp=sharing&ouid=106555315294820607512&rtpof=true&sd=true </a>
Link text List of Curated E-Books
942 ## - ADDED ENTRY ELEMENTS (KOHA)
Koha item type E-Book

No items available.

University of Rizal System
Email us at univlibservices@urs.edu.ph

Visit our Website www.urs.edu.ph/library